[Event "Arad op 15th"]
[Site "Arad"]
[Date "2022.08.09"]
[Round "3"]
[White "Kazarian, Anna Maja"]
[Black "Kumar, Ambar David"]
[Result "1-0"]
[WhiteElo "2139"]
[BlackElo "1509"]
[PlyCount "97"]
[EventDate "2022.08.08"]
[EventType "swiss"]
[EventRounds "9"]
[EventCountry "ROU"]
[SourceTitle "CBM 209 Extra"]
[Source "ChessBase"]
[SourceDate "2022.09.30"]
[SourceVersion "1"]
[SourceVersionDate "2022.09.30"]
[SourceQuality "1"]

1. e4 e5 2. Nf3 Nf6 3. Nxe5 d6 4. Nf3 Nxe4 5. d3 Nf6 6. d4 d5 7. c4 c6 8. Nc3 g6 9. Bg5 Bg7 10. cxd5 cxd5 11. Bb5+ Nc6 12. Ne5 0-0 13. Nxc6 bxc6 14. Bxc6 Qe7+ 15. Kf1 Rb8 16. Nxd5 Qd6 17. Bf4 Qd8 18. Bc7 Nxd5 19. Bxd8 Rxd8 20. Qa4 Nf4 21. b3 Bf5 22. Rd1 Bd3+ 23. Rxd3 Nxd3 24. d5 Rb4 25. Qa5 Rd6 26. g3 Bd4 27. Kg2 Rf6 28. f3 Bb6 29. Qa6 Rd4 30. h4 Ne5 31. Qe2 Nxf3 32. Rf1 Nxh4+ 33. gxh4 Rxf1 34. Kxf1 Rxh4 35. d6 Rf4+ 36. Kg2 Rd4 37. d7 Rd6 38. Qe8+ Kg7 39. Qe5+ Rf6 40. Bd5 h5 41. b4 g5 42. Be4 Bd8 43. a4 Kh6 44. Qe8 g4 45. Qxd8 Rf4 46. Qh8+ Kg5 47. Qe5+ f5 48. Qg7+ Kh4 49. d8B# 1-0

[Event "Tasnad Orasului Cup"]
[Site "Tasnad"]
[Date "2021.09.10"]
[Round "2"]
[White "Panc, Samuel"]
[Black "Kumar, Ambar David"]
[Result "1-0"]
[WhiteElo "1977"]
[BlackElo "1470"]
[PlyCount "29"]
[EventDate "2021.09.09"]
[EventType "swiss"]
[EventRounds "7"]
[EventCountry "ROU"]
[SourceTitle "CBM 204 Extra"]
[Source "ChessBase"]
[SourceDate "2021.11.30"]
[SourceVersion "1"]
[SourceVersionDate "2021.11.30"]
[SourceQuality "1"]

1. e4 e6 2. d3 d5 3. Nd2 c5 4. g3 Be7 5. Bg2 Nf6 6. Ngf3 Nc6 7. 0-0 0-0 8. e5 Nd7 9. Re1 Qc7 10. Qe2 f6 11. exf6 Nxf6 12. c3 Bd6 13. Nf1 Bd7 14. Bd2 e5 15. Ne3 1-0

[Event "ROM-ch U14"]
[Site "Calimanesti Caciulata"]
[Date "2019.04.22"]
[Round "9"]
[White "Kumar, Ambar David"]
[Black "Ungureanu, Stefanis Nicolae"]
[Result "1-0"]
[WhiteElo "1267"]
[BlackElo "1177"]
[PlyCount "38"]
[EventDate "2019.04.15"]
[EventType "swiss"]
[EventRounds "9"]
[EventCountry "ROU"]
[SourceTitle "CBM 190 Extra"]
[Source "ChessBase"]
[SourceDate "2019.07.15"]
[SourceVersion "1"]
[SourceVersionDate "2019.07.15"]
[SourceQuality "1"]

1. e4 e5 2. Nf3 Nc6 3. Nc3 Bc5 4. Bc4 Nf6 5. d3 0-0 6. Bg5 a6 7. Nd5 Be7 8. Ne3 Nxe4 9. Bxe7 Nxf2 10. Bxd8 Nxd1 11. Rxd1 Rxd8 12. Ng5 Rf8 13. 0-0 Nd8 14. Nd5 Ne6 15. Ne7+ Kh8 16. Nxf7+ Rxf7 17. Rxf7 h6 18. Bxe6 dxe6 19. Rf8+ Kh7 1-0

[Event "ROM-ch U14"]
[Site "Calimanesti Caciulata"]
[Date "2019.04.18"]
[Round "5"]
[White "Ivascu, Eric Nicolas"]
[Black "Kumar, Ambar David"]
[Result "0-1"]
[WhiteElo "1001"]
[BlackElo "1267"]
[PlyCount "68"]
[EventDate "2019.04.15"]
[EventType "swiss"]
[EventRounds "9"]
[EventCountry "ROU"]
[SourceTitle "CBM 190 Extra"]
[Source "ChessBase"]
[SourceDate "2019.07.15"]
[SourceVersion "1"]
[SourceVersionDate "2019.07.15"]
[SourceQuality "1"]

1. e4 d5 2. Nc3 d4 3. Nd5 f5 4. d3 e6 5. Nf4 e5 6. Nd5 c6 7. Nf3 cxd5 8. Bg5 Be7 9. Bxe7 Nxe7 10. Nxe5 Qd6 11. Nf3 dxe4 12. Nh4 Qe5 13. Qh5+ g6 14. Qe2 Nbc6 15. g3 exd3 16. Qxe5 Nxe5 17. cxd3 Be6 18. Kd2 Bd5 19. Rg1 g5 20. Ng2 Nf3+ 21. Kc2 Nxg1 22. Kd2 Nf3+ 23. Ke2 Nxh2 24. a4 Nxf1 25. Kxf1 Bxg2+ 26. Kxg2 0-0 27. Re1 Nd5 28. Re5 Nb4 29. Re7 Nxd3 30. Rxb7 Rfb8 31. Rd7 Rxb2 32. Rxd4 Nxf2 33. Rc4 Ng4+ 34. Kh3 Rh2# 0-1